Nalaganje...

The Sage Handbook of Tourism

Bibliografske podrobnosti
Glavni avtor: Mike Robinson
Izdano: Sage 2012
LEADER 00179 a2200085 4500
100 |a Mike Robinson 
245 |a The Sage Handbook of Tourism 
260 |c 2012  |b Sage 
942 |c BK  |6 _ 
999 |c 68057  |d 68057